000 00553nam a22001697a 4500
003 OSt
005 20260202112144.0
008 260128b |||||||| |||| 00| 0 eng d
040 _cMRSPTU
041 _aENG
100 _aAnmol Garg, Supervisor: Dr. Sanjiv Aggarwal
245 _aGIS Based Transport Planning and Traffic Management on Bathinda City Road Network
260 _bDepartment of Civil Engg. MRSPTU, Bathinda
_c2003
650 _aCivil Engineering
856 _uhttp://163.47.215.52:8080/jspui/handle/123456789/1008
942 _2ddc
_cTH
_n0
999 _c10782
_d10782